| 000 | 00370pab a2200157 454500 | ||
|---|---|---|---|
| 008 | 180718b2009 xxu||||| |||| 00| 0 eng d | ||
| 100 | _aDutt, Gautam | ||
| 245 | _aA climate agreement beyond 2012 | ||
| 260 | _c2009 | ||
| 300 | _ap.39-49. | ||
| 362 | _a7 Nov | ||
| 650 | _aClimatic change | ||
| 773 | _aEconomic and Political Weekly | ||
| 908 | _aN | ||
| 909 | _a84355 | ||
| 999 |
_c84355 _d84355 |
||